000 01245nas1a22003011i 4500
001 RU\NLR\Per\769849
005 20260407172734.0
011 _a2221-4526
035 _a(NLR Aleph) 003015306
090 _a1817372
_c1817372
100 _a20110524a20119999|||y0rusy50 ca
101 0 _arus
102 _aRU
110 _aaf|||||||||
200 1 _aПсихология и Я
_eжурнал для тех, кто хочет быть счастливым
_fТолока
207 0 _a2011, № 1 (апр.) -
210 _aСмоленск
_cТолока
_d2011 -
606 _aСемья и брак
_jПериодические издания
_xСоциально-психологические исследования
_92075079
_3RU\NLR\AUTH\661250120
606 1 _aЖенщины
_jПериодические издания
_xСоциально-психологические исследования
_92111185
_3RU\NLR\AUTH\661275886
686 1 _aС550.53я54
686 1 _aС550.535я54
712 0 2 _4570
_a"Толока", издательский дом
_cСмоленск
_3RU\NLR\AUTH\8810109547
_9719176
852 _aNLR
_jП22/9203
942 _cJOURNAL
980 _aRUSPER